| Поле | Инд. | ПП | Название | Значение |
|---|---|---|---|---|
| Тип записи | a | |||
| Библиографический уровень | b | |||
| 001 | Контрольный номер | UNIDUBNAcc09bccdb99f433eb3a8e25327e52203 | ||
| 005 | Дата корректировки | 20260528103041.7 | ||
| 008 | Кодируемые данные | 20170331 | ||
| 040 | b | Код языка каталог. | rus | |
| e | Правила каталог. | PSBO | ||
| 041 | 0_ | a | Код языка текста | rus |
| 084 | a | Индекс другой классификации/Индекс ББК | 63.3(2)6-3-7 | |
| 245 | 10 | a | Заглавие | [Льву Аннинскому 90 лет] |
| b | Продолж. заглавия | [подборка редакционных статей] | ||
| 520 | 0_ | a | Аннотация | Лев Александрович Аннинский (1934 - 2019) - советский и российский литературный критик, историк, публицист, эссеист, автор более 30 книг, был обозревателем журнала "Родина" с 1991 года. В публикации приведены заметки его и о нем, написанные в разное время, но как будто сегодня: "О Великой Отечественной войне", "О фашизме", "О Ленине", "О ГУЛАГе", "О "Черном квадрате", "О Шукшине", "В "Родине" его звали есаулом..." |
| 600 | 14 | a | Персоналии | Аннинский Лев Александрович |
| a | Персоналии | Ленин Владимир Ильич | ||
| a | Персоналии | Шукшин Василий Макарович | ||
| 650 | 14 | a | Основная рубрика | внутренняя политика |
| a | Основная рубрика | история | ||
| 653 | 0_ | a | Ключевые слова | "Черный квадрат" |
| a | Ключевые слова | XX век | ||
| a | Ключевые слова | Великая Отечественная война 1941-1945 | ||
| a | Ключевые слова | ГУЛАГ | ||
| a | Ключевые слова | журналистика | ||
| a | Ключевые слова | культура | ||
| a | Ключевые слова | литературная критика | ||
| a | Ключевые слова | общественно-политическая жизнь | ||
| a | Ключевые слова | публицистика | ||
| a | Ключевые слова | Россия | ||
| a | Ключевые слова | советский период | ||
| a | Ключевые слова | СССР | ||
| a | Ключевые слова | фашизм | ||
| a | Ключевые слова | эссеистика | ||
| 773 | 08 | t | Заглавие источника | Родина |
| d | Дата издания источника | 2024 | ||
| g | Прочая информация | № 4. - С. 53 - 61 : фот., ил. | ||
| w | Контрольный № источника | UNIDUBNA06748ebef1dc4c8fbd70c6831f8aaaea | ||
| 901 | t | Тип документа | b |